| 000 | 00448nam a2200181Ia 4500 | ||
|---|---|---|---|
| 008 | 230524s9999 xx 000 0 und d | ||
| 020 | _a9788173719448 | ||
| 082 |
_a621.382 _bDE |
||
| 100 | _aN.K.De | ||
| 245 | 0 | _aBasic Electrical Engineering | |
| 250 | _a1 | ||
| 260 |
_aNoida _bUniversities Press _c2016 |
||
| 300 | _a"VIII,468p;" | ||
| 500 | _aQuantity Number: 1 | ||
| 650 | _aElectrical | ||
| 700 |
_a Dipu Sarkar _942724 |
||
| 942 | _cBK | ||
| 999 |
_c57709 _d57709 |
||